Mariánské, trojiční a další světecké sloupy a pilíře v okrese Svitavy /

Other Authors: Nejedlý, Vratislav, 1950-2025, Maxová, Ivana
Language: Czech
Published: Praha : Státní ústav památkové péče, 1997
Online Access: Digitalizovaný dokument
Physical Description: 104 s., 4 s. barev. přílohy : il. (některé barev.), mapy ; 30 cm
Book
Saved in:
LEADER 01689nam a2200385 a 4500
001 000307061
003 CZ BrMZK
005 20061106075325.0
007 ta
008 980115s1997 xr e cze d
015 |a cnb000310538 
035 |a (OCoLC)39594707 
040 |a BOA001  |b cze 
043 |a e-xr---  |b e-xr-pa  |2 czenas 
080 |a 725.942  |2 MRF 
080 |a 730  |2 MRF 
080 |a (437.314)  |2 MRF 
080 |a (048.8)  |2 MRF 
245 0 0 |a Mariánské, trojiční a další světecké sloupy a pilíře v okrese Svitavy /  |c Ivana Maxová ... [et al.] ; [uspořádal Vratislav Nejedlý]. 
246 3 3 |a Zprávy památkové péče 
260 |a Praha :  |b Státní ústav památkové péče,  |c 1997 
300 |a 104 s., 4 s. barev. přílohy :  |b il. (některé barev.), mapy ;  |c 30 cm 
500 |a Příl. čas.: Zprávy památkové péče, roč. 57, 1997. - Bibliogr. - Souhrn angl., něm. 
650 0 7 |a mariánské sloupy a pilíře  |7 ph122643  |z Česko  |2 czenas 
650 0 7 |a trojiční sloupy a pilíře  |7 ph135217  |z Česko  |2 czenas 
650 0 7 |a světecké sloupy a pilíře  |7 ph126319  |z Česko  |2 czenas 
650 0 7 |a sochařství  |7 ph125738  |z Česko  |y 17.-20. stol.  |2 czenas 
655 7 |a přehledy  |7 fd133202  |2 czenas 
651 7 |a Svitavy (Česko : okres : 1960-)  |7 ge136514  |2 czenas 
700 1 |a Nejedlý, Vratislav,  |d 1950-2025  |7 jk01082970  |4 com 
700 1 |a Maxová, Ivana  |7 ola2003188573  |4 aut 
856 4 1 |u https://www.digitalniknihovna.cz/mzk/uuid/uuid:075aafa0-48f4-11e2-bc08-005056827e52  |y Digitalizovaný dokument  |x NDK 
910 |a BOA001  |b 4-1044.100 
990 |a BK 
996 6 |b 2610069477  |c 4-1044.100  |l MZK  |r Sklad / do 1 hodiny  |n 11  |p p.v.  |w 000307061  |u 000010  |a 1  |e BOA001  |j MZK50  |s P